000
00520nam a2200145Ia 4500
008
151213s9999 xx 000 0 und d
100
_a
সেমাখলেছা খাতুন।
245
_a
হৃৎপিন্ডে গোলাপ।
_c
সেমাখলেছা খাতুন।
260
_a
ঢাকা
_b
কাশবন প্রকাশন।
_c
2000
300
_a
8803 p.
650
_a
Bangla
650
_a
কবিতা
700
_a
সেমাখলেছা খাতুন।
999
_c
4588
_d
4588